Southville International School and Colleges
Your cart is empty.
  • Cart
  • Lists
    Public lists Eva Luna New books Lux_list list_1
    Your lists Log in to create your own lists
  • Log in to your account
  • Your cookies
  • Search history
Southville International School and Colleges
  • Advanced search
  • Recent comments
  • Most popular
  • Libraries

Log in to your account

Log in with GOOGLE


If you do not have an external account, but do have a local account, you can still log in:

  1. Home
  2. MARC view: The Origins of words and phrases /
Normal view MARC view ISBD view

The Origins of words and phrases / (Record no. 3909)

[ view plain ]
MARC details
000 -LEADER
fixed length control field 00422nam a22001577a 4500
003 - CONTROL NUMBER IDENTIFIER
control field OSt
005 - DATE AND TIME OF LATEST TRANSACTION
control field 20140310181810.0
008 - FIXED-LENGTH DATA ELEMENTS--GENERAL INFORMATION
fixed length control field 130705t xxu||||| |||| 00| 0 eng d
020 ## - INTERNATIONAL STANDARD BOOK NUMBER
International Standard Book Number 9780276442445
050 ## - LIBRARY OF CONGRESS CALL NUMBER
Classification number PE 1670
Item number .Or69 2007
082 ## - DEWEY DECIMAL CLASSIFICATION NUMBER
-- REF 423
Item number Or4 2007
245 ## - TITLE STATEMENT
Title The Origins of words and phrases /
260 ## - PUBLICATION, DISTRIBUTION, ETC. (IMPRINT)
Place of publication, distribution, etc London :
Name of publisher, distributor, etc Reader's Digest,
Date of publication, distribution, etc c2007.
300 ## - PHYSICAL DESCRIPTION
Extent 382 p. :
Dimensions 26 cm.
942 ## - ADDED ENTRY ELEMENTS (KOHA)
Source of classification or shelving scheme Library of Congress Classification
Koha item type
Call number prefix
Holdings
Withdrawn status Lost status Source of classification or shelving scheme Damaged status Home library Current library Shelving location Date acquired Total Checkouts Full call number Barcode Date last seen Copy number Price effective from Koha item type
    Library of Congress Classification   Luxembourg Library Luxembourg Library Reference Section 07/05/2013   PE 1670 .Or69 2007 17498 04/18/2017 1 07/05/2013 Books

The Origins of words and phrases /

APA

(2007). The Origins of words and phrases. London: Reader's Digest.

Chicago

2007. The Origins of words and phrases. London: Reader's Digest.

Harvard

(2007). The Origins of words and phrases. London: Reader's Digest.

MLA

The Origins of words and phrases. London: Reader's Digest. 2007.

  • Print
  • Cite
  • Add to your cart (remove)
  • Save record
    BIBTEX Dublin Core MARCXML MARC (non-Unicode/MARC-8) MARC (Unicode/UTF-8) MARC (Unicode/UTF-8, Standard) MODS (XML) RIS
  • More searches
    Search for this title in:
    Other Libraries (WorldCat) Other Databases (Google Scholar) Online Stores (Bookfinder.com) Open Library (openlibrary.org)

Exporting to Dublin Core...

SOUTHVILLE LIBRARY

Southville International School and Colleges Library

1281 Tropical Ave. Cor. Luxembourg St., BF Homes International, Las Pinas City

Tel. No. 8256374 / 252358 Loc. 117/146

Powered by Koha